Carta enciclica Laborem Exercens del sumo pontifice Juan Pablo II sobre el trabajo humano en el 90 aniversario de la Rerum Novarum a los venerables hermanos en el episcopado, a los sacerdotes, a las familias religiosas, a los hijos e hijas de la iglesia, y a todos los hombres de buena voluntad

Uloženo v:
Podrobná bibliografie
Korporativní autor: Iglesia Católica (Autor)
Médium: Kniha
Jazyk:španělština
Vydáno: Santiago Andrés Bello 1987
Vydání:1a. ed
Edice:Club de lectores Andrés Bello
Témata:
Tagy: Přidat tag
Žádné tagy, Buďte první, kdo vytvoří štítek k tomuto záznamu!

MARC

LEADER 00000nam a2200000 a 4500
001 UCH6484
003 CL-VaPUC
008 091109e19870000CL |||||||||||||||||spa|d
082 0 4 |a 261.8  |b IGL  |2 21 
110 2 |a Iglesia Católica  |e author  |9 543033 
245 1 0 |a Carta enciclica Laborem Exercens del sumo pontifice Juan Pablo II sobre el trabajo humano en el 90 aniversario de la Rerum Novarum a los venerables hermanos en el episcopado, a los sacerdotes, a las familias religiosas, a los hijos e hijas de la iglesia, y a todos los hombres de buena voluntad 
250 |a 1a. ed 
300 |a 127 p 
942 |c BK 
945 |d 20091109 00:00:00  |a ccalabra 
260 |a Santiago  |b Andrés Bello  |c 1987 
650 0 |a Catolicismo  |9 258690 
650 0 |a Iglesia Católica  |9 256114 
650 0 |a Papado   |9 404372 
650 7 |a IGLESIA Y PROBLEMAS SOCIALES  |2 CL-VaPUC  |9 256615 
650 7 |a IGLESIA CATOLICA Y CULTURA  |2 CL-VaPUC  |9 329332 
583 |a last modification  |c 20091109 00:00:00  |k Rodrigo Vera 
490 0 |a Club de lectores Andrés Bello 
999 |c 337363  |d 337361